| 000 | 00663nam a2200253 a 4500 | ||
|---|---|---|---|
| 001 | nice12345678 | ||
| 003 | IN_TiNIC | ||
| 005 | 20260116012802.0 | ||
| 008 | 050524s1984 boma grp 000 0 eng | ||
| 020 |
_a _c15 |
||
| 082 | 0 | 0 |
_a324.245408 _bENG |
| 100 | _aEngineer, Asghar Ali | ||
| 245 | _aOn Developing Theory of Communal Riots | ||
| 260 |
_aBombay _bInstitute of Islamic Studies _c1984 |
||
| 300 | _a66p | ||
| 500 | _aincludes index and biblioraphy | ||
| 505 | 2 | _aBibliography, Err. | |
| 650 | _aCommunalism-India | ||
| 650 | _aIslam-Relations Hinduism | ||
| 700 | 1 | _aEngineer, Asghar Ali | |
| 902 | _bSRS | ||
| 942 | _cBK | ||
| 999 |
_c8360 _d8360 |
||